01148nam a2200265 a 450000100100000000500170001000800410002702000150006804000250008308200160010810000330012424501870015726000760034430000370042049000290045750000210048650000730050750500420058070000370062270000520065983000330071104900100074495201130075499900150086700000387320200929150614.0090702s1997 es ad 001 0 spa d a848938410X aDO-SdBNPbspacBNPHU axxxxbP349l1 aPeña Díaz, Manuel91168913aEl laberinto de los libros :bhistoria cultural de la Barcelona del Quinientos /cManuel Peña Díaz ; prólogo Roger Chartier ; traducción del prólogo Carlos Ortega Bayón,. aMadrid :bFundación Germán Sánchez RuipérezbPirámide,c1997. a547 p. :bil., gráf. ;c22 cm.1 aBiblioteca del librov67 aIncluye índice aIncluye referencias bibliográficas y notas al pie de las páginas2 aBibliografía : p. 513- 517- 543-5461 aChartier, Roger,ePról.9116901 aOrtega Bayón, Carlos,etr. del pról.911691 0aBiblioteca tallern67911692 aBNPHD 001050718MOaGRbGRcHDd2009-07-14iLF1l0oxxxx P349lp3873-10r2020-06-25w2020-06-25y1ZNo se presta c3695d3695